Etica I, Estética II (alma y libros) / Federico Henríquez y Carvajal (Registro nro. 4959)
[ vista simple ]
| 000 -LEADER | |
|---|---|
| fixed length control field | 00569nam a22001931a 4500 |
| 001 - CONTROL NUMBER | |
| control field | 4959 |
| 003 - CONTROL NUMBER IDENTIFIER | |
| control field | OSt |
| 005 - DATE AND TIME OF LATEST TRANSACTION | |
| control field | 20260204211955.0 |
| 008 - FIXED-LENGTH DATA ELEMENTS--GENERAL INFORMATION | |
| fixed length control field | 051011s1986||||dr ||||||b||||||||||spa|| |
| 050 ## - LIBRARY OF CONGRESS CALL NUMBER | |
| Classification number | RD 860.7293 H395e |
| 100 ## - ASIENTO PRINCIPAL -- NOMBRE PERSONAL | |
| Personal name | Henríquez y Carvajal, Federico |
| 245 ## - TÍTULO PROPIAMENTE DICHO: SUBTÍTULO | |
| Title | Etica I, Estética II (alma y libros) / Federico Henríquez y Carvajal |
| 264 ## - PRODUCTION, PUBLICATION, DISTRIBUTION, MANUFACTURE, AND COPYRIGHT NOTICE | |
| Place of production, publication, distribution, manufacture | Santo Domingo: Biblioteca Nacional |
| 300 ## - PHYSICAL DESCRIPTION | |
| Extensión | 252 p |
| 490 ## - MENCIÓN DE SERIE | |
| Series statement | Colección Orfeo |
| 500 ## - GENERAL NOTE | |
| General note | Incluye indice y bibliografía |
| 650 ## - ASIENTO SECUNDARIO DE MATERIA -- TERMINO TEMÁTICO | |
| Termino Temático Como Elemento de Entrada | 1.Literatura - República DominicanaÌ |
| 942 ## - ADDED ENTRY ELEMENTS (KOHA) | |
| Source of classification or shelving scheme | Dewey Decimal Classification |
| Koha item type | Libros |
| Withdrawn status | Lost status | Source of classification or shelving scheme | Damaged status | Not for loan | Current library | Date acquired | Total Checkouts | Full call number | Barcode | Date last seen | Price effective from | Koha item type |
|---|---|---|---|---|---|---|---|---|---|---|---|---|
| Dewey Decimal Classification | Biblioteca UTECO | 09/09/2019 | RD 860.7293 H395E | 009216 | 09/09/2019 | 09/09/2019 | Libros |
